000
00256nam a2200097Ia 4500
008
240331s9999 xx 000 0 und d
082
_b
RAM
100
_a
Ramesh,P
245
0
_a
Sithaivukalin olunkamaivu :
_b
pinn naveenathuvap prachchanaip paddugal
942
_c
L
999
_c
1918
_d
1918